| 000 | 00759cab a2200241 4500 | ||
|---|---|---|---|
| 001 | WB3405-27 | ||
| 008 | 090401t1998 xxu||||| |||| 00| 0 eng d | ||
| 035 | _a(Sirsi) u83540 | ||
| 041 | _aeng | ||
| 245 | _aGet the most from your estate agent | ||
| 260 | _c1998 | ||
| 350 | _a0 | ||
| 490 |
_aSunday Times _vMoney 1 February 1998, 4.5(1) |
||
| 520 | _aIn their report "Estate agents - how to improve their image Mintel suggest a new incentive-based commission scheme for the payment of estate agents fees. | ||
| 650 | _aCOMMISSION | ||
| 650 | _aESTATE AGENTS | ||
| 650 | _aMINTEL | ||
| 650 | _aPROFESSIONAL FEES | ||
| 650 | _aPUBLIC IMAGE | ||
| 690 | _aMANAGEMENT-BUSINESS MANAGEMENT-PROFESSIONAL PRACTICE | ||
| 942 | _n0 | ||
| 948 | _c04/02/1998 | ||
| 999 |
_c52770 _d52770 |
||